000
00190 a2200097 4500
020
_a
9780425185018
041
_a
spa
100
_a
Stav, Julie
245
_a
Invierte en tu futuro
942
_c
BK
999
_c
10498
_d
10498